Normal view
MARC view
- How to solve problems in Calculus
Entry Topical Term
001 - CONTROL NUMBER
- control field: 125339
003 - CONTROL NUMBER IDENTIFIER
- control field: NUST
005 - DATE AND TIME OF LATEST TRANSACTION
- control field: 20240826102211.0
008 - FIXED-LENGTH DATA ELEMENTS
- fixed length control field: 240826|| aca||aabn | a|a d
040 ## - CATALOGING SOURCE
- Original cataloging agency: NUST
- Transcribing agency: NUST
150 ## - HEADING--TOPICAL TERM
- Topical term or geographic name entry element: How to solve problems in Calculus
670 ## - SOURCE DATA FOUND
- Source citation: Work cat.: (NUST): Eugene Don 125338, How to solve problems in Calculus, 2001.
